000 00781nam a2200253Ia 4500
003 OSt
005 20220926013440.0
006 a|||||r|||| 00| 0
007 ta
008 220923b |||||||| |||| 00| 0 eng d
037 _cGeneral Book
040 _aRTL
_cRTL
_beng
041 _2eng
_aeng
082 _aX 755:(Z, 3), L7
110 _aInternational Bank. for Reconstruction and Development etc (USA)
_9318329
245 0 _aAgreement
260 _aNew York
_bI B R D USA
_c1977
300 _a18p.
_ccm.
500 _aLoan Nos : 611, 612, 613, 759, 760 and 1036
650 _aForeign Loan
700 _aInternational Bank. for Reconstruction and Development etc (USA)
_9318330
942 _hX 755:(Z, 3), L7
_cGB
_2CC
999 _c625993
_d625993